|
|
|
|
| LEADER |
00000cam a2200000 7i4500 |
| 001 |
0000008237 |
| 002 |
000008982 |
| 005 |
20000330.0 |
| 020 |
|
|
|a 0721413285
|
| 090 |
0 |
0 |
|a JF
|b MUR
|
| 245 |
1 |
4 |
|a The Robbery
|c William Murray ; illustrated by Terry Burton
|
| 260 |
|
|
|a USA :
|b Ladybird Books LTD ,
|c 19--?
|
| 300 |
|
|
|a 41p. :
|b ill. ;
|c 17cm.
|
| 490 |
0 |
|
|a Ladybird
|
| 650 |
0 |
0 |
|a Children's stories
|
| 700 |
1 |
|
|a Burton, Terry ,
|e illustrated
|
| 999 |
|
|
|a 052633
|b BUKU
|c PINJAMAN
|e PERPUSTAKAAN KOMUNITI PETALING JAYA
|
| 999 |
|
|
|a 052634
|b BUKU
|c PINJAMAN
|e PERPUSTAKAAN KOMUNITI PETALING JAYA
|
| 999 |
|
|
|a 052635
|b BUKU
|c PINJAMAN
|e PERPUSTAKAAN KOMUNITI PETALING JAYA
|
| 999 |
|
|
|a 055650
|b BUKU
|c PINJAMAN
|e PERPUSTAKAAN KOMUNITI PETALING JAYA
|
| 999 |
|
|
|a 055651
|b BUKU
|c PINJAMAN
|e PERPUSTAKAAN KOMUNITI CAW KOTA DAMANSARA
|